01595nam a2200277 a 4500001001000000005001700010008004100027041000800068044000700076084002300083100006800106245009900174260001900273300002600292500004500318500024200363500004700605500002800652500021600680506009200896546005000988600006801038650012301106700007001229700001801299BRCA_503320190320204919.0031110s1839----mx-######v---#000-0#spa-# aspa amx aDOC100b.G67c18391 aGoroztiza y Cepeda, Manuel María del Pilar Eduardod1789-185110aDocumento expedido a Eduardo GoroztizacEduardo Goroztiza, Anastacio Bustamante, Manuel Arias. aMéxicoc1839 a[2] fojasc30 x 21 cm aDocumento expedido el 2 de enero de 1839 aEl C. Anastacio Bustamante, General de División y Presidente de la República Mexicana nombra a Eduardo Goroztiza Escribiente Segundo del Ministro de Relaciones Exteriores por ascenso de Don Manuel Arias. Firma Bustamantes y Goroztiza aEl documento contiene la leyenda DOC. #261 aPapel con marca de agua aAl margen: ESCUDO NACIONAL MEXICANO ABULTADO Y ENCABEZADO CON SELLO NACIONAL (Águila Real) Y LEYENDA: SELLO SEGUNDO. DOCE REALES. PARA LOS AÑOS DE MIL OCHOCIENTOS TREINTA Y OCHO y OCHOCIENTOS TREINTA Y NUEVE0 aFondo reservado: para su consulta es necesario credencial de usuario y carta de motivos aTexto en: español de mediados del siglo XIX14aGoroztiza y Cepeda, Manuel María del Pilar Eduardod1789-185114aRelaciones internacionaleseDocumentos legalesvImpreso con rúbricasxHistoriayFederalismo y centralismo, 1824-18531 aBustamante y Oseguera, AnastasiocPolítico y militard1780-18531 aArias, Manuel